Plus grandes villes de France (3 max par département) - Statistiques

Statistiques générales
  • Ce quiz a été pris 315 fois
  • Le résultat moyen est 109 sur 203
Statistiques - réponses
Département Population Commune % Correct
75 2 165 423 Paris
99%
69M 522 969 Lyon
98%
13 870 731 Marseille
97%
59 234 475 Lille
96%
06 342 669 Nice
95%
33 260 958 Bordeaux
94%
44 318 808 Nantes
94%
31 493 465 Toulouse
94%
35 220 488 Rennes
93%
67 287 228 Strasbourg
93%
34 295 542 Montpellier
91%
29 139 926 Brest
89%
38 158 198 Grenoble
89%
83 178 745 Toulon
89%
76 112 321 Rouen
88%
21 158 002 Dijon
87%
30 148 561 Nîmes
87%
974 153 810 Saint-Denis
87%
93 112 852 Saint-Denis
87%
42 173 821 Saint-Étienne
87%
14 106 230 Caen
86%
49 155 850 Angers
85%
63 147 865 Clermont-Ferrand
85%
76 168 290 Le Havre
85%
51 181 194 Reims
84%
57 118 489 Metz
83%
54 105 058 Nancy
82%
45 116 269 Orléans
82%
80 134 706 Amiens
81%
13 145 133 Aix-en-Provence
80%
73 30 463 Aix-les-Bains
80%
74 130 721 Annecy
80%
72 143 847 Le Mans
80%
37 137 087 Tours
80%
2A 71 361 Ajaccio
79%
85 55 147 La Roche-sur-Yon
79%
66 119 344 Perpignan
79%
86 89 212 Poitiers
78%
01 41 111 Bourg-en-Bresse
77%
87 130 876 Limoges
77%
64 75 627 Pau
77%
2B 48 503 Bastia
76%
25 117 912 Besançon
76%
69M 152 212 Villeurbanne
75%
84 91 143 Avignon
74%
06 74 545 Cannes
74%
29 63 283 Quimper
74%
78 84 808 Versailles
74%
68 108 312 Mulhouse
73%
26 64 749 Valence
73%
62 72 509 Calais
72%
17 77 205 La Rochelle
72%
10 61 957 Troyes
72%
56 57 246 Lorient
71%
92 121 583 Boulogne-Billancourt
70%
62 40 251 Boulogne-sur-Mer
70%
68 68 682 Colmar
70%
11 46 825 Carcassonne
68%
73 58 917 Chambéry
68%
59 98 828 Roubaix
68%
34 78 308 Béziers
67%
972 76 512 Fort-de-France
67%
56 53 719 Vannes
67%
18 64 541 Bourges
66%
50 78 549 Cherbourg-en-Cotentin
66%
91 66 851 Évry-Courcouronnes
66%
64 51 894 Bayonne
65%
92 96 277 Nanterre
65%
44 71 394 Saint-Nazaire
65%
16 41 603 Angoulême
64%
94 93 246 Créteil
64%
79 59 193 Niort
64%
62 41 694 Arras
63%
89 34 451 Auxerre
63%
53 49 733 Laval
63%
90 46 443 Belfort
62%
11 55 516 Narbonne
62%
59 98 656 Tourcoing
62%
60 57 071 Beauvais
61%
973 65 493 Cayenne
61%
71 45 056 Chalon-sur-Saône
61%
27 46 349 Évreux
61%
41 45 898 Blois
60%
36 43 122 Châteauroux
60%
05 40 631 Gap
60%
82 61 372 Montauban
60%
22 43 605 Saint-Brieuc
60%
35 46 803 Saint-Malo
60%
81 48 902 Albi
59%
58 33 005 Nevers
59%
95 111 038 Argenteuil
58%
77 40 844 Melun
58%
47 32 602 Agen
57%
95 65 911 Cergy
57%
88 32 256 Épinal
57%
08 46 436 Charleville-Mézières
56%
28 38 534 Chartres
56%
93 111 240 Montreuil
56%
24 29 896 Périgueux
56%
976 71 437 Mamoudzou
55%
40 29 807 Mont-de-Marsan
55%
12 24 475 Rodez
55%
06 73 438 Antibes
54%
13 50 454 Arles
54%
02 24 304 Laon
54%
71 33 908 Mâcon
54%
33 72 197 Mérignac
54%
974 103 208 Saint-Paul
54%
15 25 593 Aurillac
53%
26 39 818 Montélimar
53%
02 53 570 Saint-Quentin
53%
65 42 758 Tarbes
53%
61 25 870 Alençon
52%
19 46 330 Brive-la-Gaillarde
51%
974 84 982 Saint-Pierre
50%
49 54 037 Cholet
49%
40 20 843 Dax
49%
83 54 821 Hyères
49%
03 24 980 Vichy
49%
84 28 772 Orange
48%
34 43 858 Sète
48%
51 44 379 Châlons-en-Champagne
47%
33 65 245 Pessac
47%
30 41 837 Alès
46%
32 22 173 Auch
46%
77 55 750 Meaux
46%
69M 67 285 Vénissieux
46%
81 42 079 Castres
45%
03 34 361 Montluçon
45%
60 40 615 Compiègne
44%
93 88 948 Aubervilliers
43%
94 95 510 Vitry-sur-Seine
43%
85 45 030 Les Sables-d'Olonne
42%
83 62 987 La Seyne-sur-Mer
41%
25 25 806 Montbéliard
41%
42 33 809 Roanne
40%
24 26 693 Bergerac
39%
52 21 847 Chaumont
39%
57 40 778 Thionville
38%
39 23 711 Dole
37%
12 21 979 Millau
37%
17 25 287 Saintes
37%
74 35 826 Thonon-les-Bains
36%
18 25 464 Vierzon
36%
74 36 582 Annemasse
35%
28 30 646 Dreux
35%
17 23 584 Rochefort
35%
89 26 688 Sens
35%
02 28 712 Soissons
35%
80 22 980 Abbeville
34%
21 20 551 Beaune
34%
971 53 514 Les Abymes
34%
95 59 196 Sarcelles
34%
47 21 742 Villeneuve-sur-Lot
34%
67 35 196 Haguenau
33%
52 22 928 Saint-Dizier
33%
91 51 234 Corbeil-Essonnes
32%
60 36 169 Creil
32%
22 20 210 Lannion
32%
01 22 456 Oyonnax
32%
86 31 487 Châtellerault
31%
51 22 433 Épernay
31%
35 20 595 Fougères
31%
37 38 444 Joué-lès-Tours
31%
49 26 467 Saumur
31%
69D 36 291 Villefranche-sur-Saône
31%
64 39 719 Anglet
30%
92 87 143 Asnières-sur-Seine
30%
84 29 236 Carpentras
30%
973 47 621 Saint-Laurent-du-Maroni
30%
14 20 038 Lisieux
29%
91 50 644 Massy
29%
44 47 415 Saint-Herblain
29%
31 39 968 Colomiers
27%
38 36 932 Échirolles
26%
04 22 528 Manosque
26%
78 44 806 Saint-Germain-en-Laye
25%
45 21 288 Saint-Jean-de-Braye
25%
77 55 154 Chelles
24%
38 37 935 Saint-Martin-d'Hères
24%
94 76 990 Champigny-sur-Marne
23%
26 33 098 Romans-sur-Isère
22%
71 21 269 Le Creusot
21%
68 22 413 Saint-Louis
21%
54 29 942 Vandœuvre-lès-Nancy
21%
67 33 780 Schiltigheim
20%
971 30 837 Baie-Mahault
19%
42 34 841 Saint-Chamond
19%
78 52 774 Sartrouville
19%
56 23 124 Lanester
18%
972 40 095 Le Lamentin
17%
45 22 386 Olivet
17%
76 29 068 Sotteville-lès-Rouen
17%
31 28 117 Tournefeuille
17%
27 23 727 Vernon
17%
14 22 555 Hérouville-Saint-Clair
16%
57 21 879 Montigny-lès-Metz
16%
63 20 322 Cournon-d'Auvergne
15%
85 21 322 Challans
14%
976 32 156 Koungou
10%
972 21 913 Le Robert
9%
971 26 489 Le Gosier
7%
973 33 458 Matoury
6%
Aucun quiz correspondant
Distribution des résultats
% des personnes avec chaque résultat
Percentile par nombre de réponses
Votre historique - résultats
Vous n’avez pas pris ce quiz